| 000 | 00681nam a2200229 a 4500 | ||
|---|---|---|---|
| 008 | |||
| 020 | _a0397572255 (pbk.) | ||
| 049 | _aMAIN | ||
| 090 | _aRG951 | ||
| 100 | 1 | _aMartin, Leonide L. | |
| 245 | 1 | 0 |
_aTestbank to accompany essentials of maternity nursing : Family-centred care/ _cLeonide L. MArtin ; Sharon J. Reeder. |
| 260 |
_aNew York, : _bLippincott, _cc1991. |
||
| 300 | _a1st ed. | ||
| 300 |
_avii,159 p. : _c28 cm. |
||
| 650 | 1 | _aMaternity Nursing. | |
| 700 | _aReeder, Sharon J. | ||
| 907 |
_a.b1019177x _b29-01-14 _c10-02-06 |
||
| 003 | |||
| 005 | 20230120203922.0 | ||
| 040 | _cNUST | ||
| 942 |
_cBOOKS _kRG951 |
||
| 999 |
_c113874 _d113874 |
||